Factors promoting Agrobacterium mediated genetic transformation efficiency in Hevea brasiliensis (Record no. 59260)

MARC details
000 -LEADER
fixed length control field 00638nam a2200229Ia 4500
100 ## - MAIN ENTRY--AUTHOR NAME
Personal name Sobha S
245 #0 - TITLE STATEMENT
Title Factors promoting Agrobacterium mediated genetic transformation efficiency in Hevea brasiliensis
260 ## - PUBLICATION, DISTRIBUTION, ETC. (IMPRINT)
Name of publisher Rubber Science
Year of publication 2012
300 ## - PHYSICAL DESCRIPTION
Number of Pages 173-182
650 ## - SUBJECT ADDED ENTRY--TOPICAL TERM
Topical Term Acetosyringone
650 ## - SUBJECT ADDED ENTRY--TOPICAL TERM
Topical Term Callus-preculture
650 ## - SUBJECT ADDED ENTRY--TOPICAL TERM
Topical Term Genetic transformation
650 ## - SUBJECT ADDED ENTRY--TOPICAL TERM
Topical Term Transformation frequency
700 ## - ADDED ENTRY--PERSONAL NAME
Personal name Jayashree R
700 ## - ADDED ENTRY--PERSONAL NAME
Personal name Kala R G
700 ## - ADDED ENTRY--PERSONAL NAME
Personal name Rekha K
700 ## - ADDED ENTRY--PERSONAL NAME
Personal name Supriya R
700 ## - ADDED ENTRY--PERSONAL NAME
Personal name Sushamakumari S
700 ## - ADDED ENTRY--PERSONAL NAME
Personal name Thulaseedharan A
942 ## - ADDED ENTRY ELEMENTS (KOHA)
Koha item type Journals
Holdings
Withdrawn status Lost status Damaged status Not for loan Home library Current library Shelving location Date acquired Serial Enumeration / chronology Koha item type
      Journals RRII Library RRII Library Biotechnology 15/03/2013 Volume 25, Issue 2 Journals